[Event "SVK-chT1W 1516"]
[Site "Slovakia"]
[Date "2016.03.19"]
[Round "10.3"]
[White "Sahidi, Samir"]
[Black "Mokos, Jozef"]
[Result "1/2-1/2"]
[WhiteElo "2202"]
[BlackElo "2246"]
[PlyCount "107"]
[EventDate "2015.10.24"]
[EventType "team-tourn"]
[EventRounds "11"]
[EventCountry "SVK"]
[SourceTitle "EXT 2017"]
[Source "ChessBase"]
[SourceDate "2016.10.25"]
[SourceVersion "1"]
[SourceVersionDate "2016.10.25"]
[SourceQuality "1"]
[WhiteTeam "Bratislava Lokomotiva"]
[BlackTeam "Nitra"]
[WhiteTeamCountry "SVK"]
[BlackTeamCountry "SVK"]

1. c4 e6 2. d4 d5 3. Nc3 c6 4. e3 Nf6 5. Nf3 Nbd7 6. Bd3 dxc4 7. Bxc4 b5 8. Bb3 Bb7 9. Ng5 b4 10. Ne2 Bd6 11. Nf4 Nf8 12. 0-0 Qa5 13. Nf3 Ng6 14. Re1 Nxf4 15. exf4 0-0 16. Ne5 c5 17. Nc4 Qc7 18. Nxd6 Qxd6 19. dxc5 Qxc5 20. Be3 Qc6 21. f3 Rfd8 22. Qc1 Nd5 23. Qxc6 Bxc6 24. Rac1 Nxe3 25. Rxe3 Bd5 26. Rc2 Bxb3 27. axb3 g6 28. Kf2 a5 29. Ke2 Kf8 30. Re5 Rd4 31. Re4 Rd5 32. Rec4 Rad8 33. Rc7 Ke8 34. Ra7 R8d7 35. Ra8+ Ke7 36. Rac8 h5 37. R8c5 Kd8 38. Rxd5 Rxd5 39. Rd2 Rxd2+ 40. Kxd2 Kd7 41. Kd3 h4 42. g3 hxg3 43. hxg3 Kd6 44. Kc4 Kc6 45. Kd4 Kd6 46. g4 f6 47. Ke4 Kc5 48. g5 fxg5 49. fxg5 Kd6 50. f4 Kd7 51. Kd3 Kc7 52. Ke3 Kc6 53. Ke4 Kd7 54. Ke3 1/2-1/2

[Event "SVK-chT1W 1314"]
[Site "Slovakia"]
[Date "2014.03.01"]
[Round "8.3"]
[White "Mokos, Jozef"]
[Black "Veres, Andrej"]
[Result "1/2-1/2"]
[WhiteElo "2258"]
[BlackElo "2161"]
[PlyCount "26"]
[EventDate "2013.10.12"]
[EventType "team-tourn"]
[EventRounds "11"]
[EventCountry "SVK"]
[SourceTitle "EXT 2015"]
[Source "ChessBase"]
[SourceDate "2014.11.20"]
[SourceVersion "1"]
[SourceVersionDate "2014.11.20"]
[SourceQuality "1"]
[WhiteTeam "Nitra"]
[BlackTeam "Dubnica nad Vahom II"]
[WhiteTeamCountry "SVK"]
[BlackTeamCountry "SVK"]

1. c4 e6 2. Nc3 d5 3. d4 Nf6 4. cxd5 exd5 5. Bg5 Be7 6. e3 c6 7. Qc2 0-0 8. Bd3 Nbd7 9. Nf3 Re8 10. 0-0-0 h6 11. Bh4 Ne4 12. Bxe7 Qxe7 13. Rhg1 Nxc3 1/2-1/2

[Event "SVK-chT 0809"]
[Site "Slovakia"]
[Date "2009.01.17"]
[Round "6"]
[White "Mokos, Jozef"]
[Black "Veres, Andrej"]
[Result "1/2-1/2"]
[WhiteElo "2216"]
[BlackElo "2145"]
[PlyCount "65"]
[EventDate "2008.10.25"]
[EventType "team-tourn"]
[EventRounds "11"]
[EventCountry "SVK"]
[SourceTitle "EXT 2019"]
[Source "ChessBase"]
[SourceDate "2018.10.10"]
[SourceVersion "1"]
[SourceVersionDate "2018.10.10"]
[SourceQuality "1"]
[WhiteTeam "Nitra"]
[BlackTeam "Dubnica nad Vahom"]
[WhiteTeamCountry "SVK"]
[BlackTeamCountry "SVK"]

1. Nf3 d5 2. d4 Nf6 3. c4 dxc4 4. e3 e6 5. Bxc4 a6 6. 0-0 b5 7. Be2 Nbd7 8. a4 b4 9. Nbd2 Bb7 10. Nc4 c5 11. dxc5 Nxc5 12. Qxd8+ Rxd8 13. Na5 Be4 14. Nd4 Bd6 15. f3 Bd3 16. Bxd3 Nxd3 17. Rd1 Nc5 18. Bd2 Nd3 19. Bc1 Nc5 20. Nac6 Rd7 21. Nxb4 0-0 22. Nbc2 Rc8 23. b4 Nb3 24. Rb1 Nxd4 25. Nxd4 e5 26. Nf5 Bxb4 27. Rxd7 Nxd7 28. Rxb4 Rxc1+ 29. Kf2 g6 30. Rb7 gxf5 31. Rxd7 Rc5 32. Rd6 Ra5 33. Rf6 1/2-1/2

[Event "SVK-chT 0809"]
[Site "Slovakia"]
[Date "2008.10.26"]
[Round "2"]
[White "Mokos, Jozef"]
[Black "Lisko, Frantisek"]
[Result "0-1"]
[WhiteElo "2216"]
[BlackElo "2273"]
[PlyCount "76"]
[EventDate "2008.10.25"]
[EventType "team-tourn"]
[EventRounds "11"]
[EventCountry "SVK"]
[SourceTitle "EXT 2019"]
[Source "ChessBase"]
[SourceDate "2018.10.10"]
[SourceVersion "1"]
[SourceVersionDate "2018.10.10"]
[SourceQuality "1"]
[WhiteTeam "Nitra"]
[BlackTeam "Cadca"]
[WhiteTeamCountry "SVK"]
[BlackTeamCountry "SVK"]

1. e4 c5 2. Nf3 e6 3. d4 cxd4 4. Nxd4 a6 5. Bd3 Nf6 6. 0-0 Qc7 7. c4 Nc6 8. Nxc6 dxc6 9. f4 e5 10. Kh1 Ng4 11. f5 h5 12. Qe2 Bc5 13. Nc3 Qd8 14. h3 Qh4 15. Qf3 Bd7 16. Na4 Bd4 17. c5 Nf2+ 18. Kh2 Nxd3 19. Qxd3 0-0-0 20. Qe2 Kb8 21. Bd2 Qe7 22. Rac1 g6 23. f6 Qe6 24. b3 h4 25. Ba5 Rdg8 26. Bc3 g5 27. Nb6 g4 28. hxg4 Rxg4 29. Bxd4 exd4 30. e5 Rhg8 31. Nxd7+ Qxd7 32. Rf2 d3 33. Qe3 Rg3 34. Qf4 Qd5 35. Rg1 R8g4 36. Qh6 Qxe5 37. Kh1 Qxc5 38. Rf4 Rh3+ 0-1

[Event "SVK-chT 0708"]
[Site "Slovakia"]
[Date "2008.01.20"]
[Round "7"]
[White "Mokos, Jozef"]
[Black "Rigo, Zsolt"]
[Result "0-1"]
[WhiteElo "2289"]
[BlackElo "2401"]
[PlyCount "84"]
[EventDate "2007.10.20"]
[EventType "team-tourn"]
[EventRounds "11"]
[EventCountry "SVK"]
[SourceTitle "EXT 2019"]
[Source "ChessBase"]
[SourceDate "2018.10.10"]
[SourceVersion "1"]
[SourceVersionDate "2018.10.10"]
[SourceQuality "1"]
[WhiteTeam "Nitra"]
[BlackTeam "Komarno"]
[WhiteTeamCountry "SVK"]
[BlackTeamCountry "SVK"]

1. e4 c5 2. Nf3 e6 3. d4 cxd4 4. Nxd4 a6 5. Bd3 Bc5 6. Nb3 Ba7 7. Qg4 Nf6 8. Qg3 d6 9. 0-0 Nc6 10. Kh1 e5 11. c4 Nh5 12. Qf3 Qh4 13. g3 Qh3 14. Nc3 Nf4 15. Bxf4 Bg4 16. Qg2 Qh5 17. f3 Bh3 18. Qd2 exf4 19. g4 Qg5 20. Nd5 Bxf1 21. Bxf1 Be3 22. Nxe3 fxe3 23. Qxd6 h5 24. Qg3 hxg4 25. Qxg4 Qxg4 26. fxg4 Ne5 27. Be2 0-0-0 28. Rg1 Nd3 29. Rg3 Nf2+ 30. Kg2 Nxe4 31. Rxe3 Rhe8 32. Rd3 Kc7 33. Rxd8 Rxd8 34. Bf3 Nd2 35. Bd5 Nxb3 36. axb3 a5 37. h4 f6 38. h5 Re8 39. Kf2 b6 40. Bf3 Kd6 41. Bd5 Kc5 42. Kf3 Re5 0-1

[Event "SVK-chT2B 0708"]
[Site "Slovakia"]
[Date "2008.01.12"]
[Round "7.5"]
[White "Mokos, Jozef"]
[Black "Cibulka, Vladimir"]
[Result "1/2-1/2"]
[WhiteElo "2289"]
[BlackElo "2282"]
[PlyCount "20"]
[EventDate "2007.10.06"]
[EventType "team-tourn"]
[EventRounds "11"]
[EventCountry "SVK"]
[SourceTitle "EXT 2010"]
[Source "ChessBase"]
[SourceDate "2010.11.25"]
[SourceVersion "1"]
[SourceVersionDate "2010.11.25"]
[SourceQuality "1"]
[WhiteTeam "Nitra SPU II"]
[BlackTeam "Tlmace SK"]
[WhiteTeamCountry "SVK"]
[BlackTeamCountry "SVK"]

1. d4 d5 2. Nf3 Nf6 3. Bf4 Bf5 4. e3 e6 5. c3 Be7 6. Be2 0-0 7. 0-0 Nbd7 8. h3 h6 9. Nbd2 c6 10. Qb3 Qb6 1/2-1/2

[Event "SVK-chT 0708"]
[Site "Slovakia"]
[Date "2007.12.16"]
[Round "4"]
[White "Hrabusa, Matej"]
[Black "Mokos, Jozef"]
[Result "1-0"]
[WhiteElo "2304"]
[BlackElo "2289"]
[PlyCount "97"]
[EventDate "2007.10.20"]
[EventType "team-tourn"]
[EventRounds "11"]
[EventCountry "SVK"]
[SourceTitle "EXT 2019"]
[Source "ChessBase"]
[SourceDate "2018.10.10"]
[SourceVersion "1"]
[SourceVersionDate "2018.10.10"]
[SourceQuality "1"]
[WhiteTeam "Liptov"]
[BlackTeam "Nitra"]
[WhiteTeamCountry "SVK"]
[BlackTeamCountry "SVK"]

1. e4 c5 2. Nf3 Nc6 3. d4 cxd4 4. Nxd4 Qc7 5. Nc3 e6 6. Be2 a6 7. Be3 Nf6 8. 0-0 Be7 9. f4 d6 10. Kh1 0-0 11. a4 Nxd4 12. Qxd4 e5 13. Qd2 exf4 14. Rxf4 Be6 15. Raf1 Nd7 16. Nd5 Bxd5 17. Qxd5 Ne5 18. Bd4 Bf6 19. c3 Qe7 20. Qb3 Rac8 21. Rf5 Rc7 22. Qa3 Qe6 23. Rd1 g6 24. Rff1 Bg7 25. Be3 Rc6 26. Qb4 Qe7 27. Rd5 Rd8 28. Rfd1 Rd7 29. Bf4 Qe6 30. h3 h5 31. a5 Qe7 32. Rf1 Qe6 33. Rfd1 Qe7 34. Bh2 Qe6 35. Qa3 Nc4 36. Bxc4 Rxc4 37. e5 Re4 38. Rxd6 Rxd6 39. exd6 Re1+ 40. Rxe1 Qxe1+ 41. Bg1 Qd1 42. Qb4 Bf8 43. Qxb7 Qxd6 44. c4 g5 45. Qb6 Qf4 46. Qxa6 g4 47. Qc8 gxh3 48. Qxh3 h4 49. a6 1-0

[Event "SVK-chT2B 0708"]
[Site "Slovakia"]
[Date "2007.11.03"]
[Round "3.2"]
[White "Borosova, Zuzana"]
[Black "Mokos, Jozef"]
[Result "1-0"]
[WhiteElo "2233"]
[BlackElo "2289"]
[PlyCount "66"]
[EventDate "2007.10.06"]
[EventType "team-tourn"]
[EventRounds "11"]
[EventCountry "SVK"]
[SourceTitle "EXT 2010"]
[Source "ChessBase"]
[SourceDate "2010.11.25"]
[SourceVersion "1"]
[SourceVersionDate "2010.11.25"]
[SourceQuality "1"]
[WhiteTeam "Komarno KSC II"]
[BlackTeam "Nitra SPU II"]
[WhiteTeamCountry "SVK"]
[BlackTeamCountry "SVK"]

1. e4 e6 2. d4 d5 3. Nc3 Bb4 4. e5 b6 5. Qg4 Bf8 6. Bg5 Qd7 7. h4 Ba6 8. Bxa6 Nxa6 9. h5 f6 10. Bf4 0-0-0 11. Qe2 Kb7 12. Nf3 c5 13. a4 c4 14. g3 Nb4 15. Kf1 Nc6 16. Kg2 f5 17. b3 Na5 18. Nb5 a6 19. Nd6+ Ka7 20. bxc4 Nxc4 21. Nxc4 dxc4 22. Qxc4 Ne7 23. Rab1 Qc6 24. Qxc6 Nxc6 25. c3 Na5 26. Ng5 Re8 27. c4 Ba3 28. d5 Nxc4 29. Nxe6 Rhg8 30. Nd4 Kb7 31. Rhe1 Bb2 32. Nxf5 Bxe5 33. Bxe5 Rd8 1-0

[Event "SVK-chT 0708"]
[Site "Slovakia"]
[Date "2007.10.20"]
[Round "1"]
[White "Malinovsky, Karel"]
[Black "Mokos, Jozef"]
[Result "1/2-1/2"]
[WhiteElo "2368"]
[BlackElo "2289"]
[PlyCount "66"]
[EventDate "2007.10.20"]
[EventType "team-tourn"]
[EventRounds "11"]
[EventCountry "SVK"]
[SourceTitle "EXT 2019"]
[Source "ChessBase"]
[SourceDate "2018.10.10"]
[SourceVersion "1"]
[SourceVersionDate "2018.10.10"]
[SourceQuality "1"]
[WhiteTeam "Hlohovec"]
[BlackTeam "Nitra"]
[WhiteTeamCountry "SVK"]
[BlackTeamCountry "SVK"]

1. e4 e6 2. d4 d5 3. Nc3 Bb4 4. e5 b6 5. a3 Bf8 6. f4 Ne7 7. Be3 Ba6 8. Bxa6 Nxa6 9. Nf3 Nf5 10. Bf2 h5 11. g3 c5 12. h3 Qd7 13. 0-0 Be7 14. Ne2 cxd4 15. Nexd4 Nxd4 16. Bxd4 Nc5 17. Kh2 Rc8 18. Nd2 Qa4 19. c3 Qxd1 20. Raxd1 g6 21. b3 Rc7 22. a4 Kd8 23. c4 Rd7 24. cxd5 Rxd5 25. Bxc5 Bxc5 26. Ne4 Ke7 27. Nf6 Rxd1 28. Rxd1 Rd8 29. Rxd8 Kxd8 30. Kg2 Be7 31. Kf3 Bxf6 32. exf6 Kd7 33. Ke4 Kd6 1/2-1/2

[Event "SVK-chT 0607"]
[Site "Slovakia"]
[Date "2007.03.31"]
[Round "10"]
[White "Mokos, Jozef"]
[Black "Banas, Jan"]
[Result "1/2-1/2"]
[WhiteElo "2310"]
[BlackElo "2405"]
[PlyCount "62"]
[EventDate "2006.10.21"]
[EventType "team-tourn"]
[EventRounds "11"]
[EventCountry "SVK"]
[SourceTitle "EXT 2019"]
[Source "ChessBase"]
[SourceDate "2018.10.10"]
[SourceVersion "1"]
[SourceVersionDate "2018.10.10"]
[SourceQuality "1"]
[WhiteTeam "Nitra"]
[BlackTeam "Senica"]
[WhiteTeamCountry "SVK"]
[BlackTeamCountry "SVK"]

1. Nf3 Nf6 2. c4 c5 3. Nc3 d5 4. cxd5 Nxd5 5. d4 Nxc3 6. bxc3 g6 7. Bf4 Qa5 8. Qd2 Bg7 9. e3 0-0 10. Be2 Nd7 11. 0-0 cxd4 12. cxd4 Qxd2 13. Nxd2 e5 14. dxe5 Nxe5 15. Rab1 Be6 16. Rxb7 Bxa2 17. Nb3 a5 18. Nd4 a4 19. Rb5 f6 20. Ra1 Bf7 21. Bd1 Rfc8 22. h3 a3 23. Bb3 Nc4 24. Ra2 f5 25. Rb7 Ra5 26. Bc7 Ra6 27. Bf4 Bd5 28. Rb5 Bf7 29. Rb7 Bxd4 30. exd4 Nd6 31. Bxd6 Bxb3 1/2-1/2

[Event "SVK-chT 0607"]
[Site "Slovakia"]
[Date "2007.01.07"]
[Round "7"]
[White "Mokos, Jozef"]
[Black "Meszaros, Michal"]
[Result "1/2-1/2"]
[WhiteElo "2287"]
[BlackElo "2397"]
[PlyCount "86"]
[EventDate "2006.10.21"]
[EventType "team-tourn"]
[EventRounds "11"]
[EventCountry "SVK"]
[SourceTitle "EXT 2019"]
[Source "ChessBase"]
[SourceDate "2018.10.10"]
[SourceVersion "1"]
[SourceVersionDate "2018.10.10"]
[SourceQuality "1"]
[WhiteTeam "Nitra"]
[BlackTeam "Komarno"]
[WhiteTeamCountry "SVK"]
[BlackTeamCountry "SVK"]

1. d4 Nf6 2. c4 g6 3. Nc3 d5 4. Nf3 Bg7 5. Bg5 Ne4 6. cxd5 Nxg5 7. Nxg5 e6 8. Nf3 exd5 9. b4 0-0 10. e3 c6 11. Qb3 Be6 12. Na4 Nd7 13. Rc1 Re8 14. Be2 b5 15. Nc5 Nb6 16. 0-0 Nc4 17. a4 Bg4 18. Qc3 a5 19. bxa5 Qxa5 20. Qxa5 Rxa5 21. axb5 cxb5 22. h3 Bf5 23. g4 Be6 24. Ra1 Rea8 25. Rxa5 Rxa5 26. Nxe6 fxe6 27. Rb1 h6 28. Kf1 g5 29. Ke1 Bf8 30. Bd1 Be7 31. Nd2 Kf7 32. Nb3 Bb4+ 33. Kf1 Ra2 34. Nc1 Nd2+ 35. Ke2 Nxb1+ 36. Nxa2 Nc3+ 37. Nxc3 Bxc3 38. Bc2 Kf6 39. Bb3 Ke7 40. Kd3 Be1 41. f3 Kd6 42. e4 dxe4+ 43. fxe4 e5 1/2-1/2

[Event "SVK-chT 0607"]
[Site "Slovakia"]
[Date "2006.12.09"]
[Round "5"]
[White "Mokos, Jozef"]
[Black "Horvath, Mario"]
[Result "1/2-1/2"]
[WhiteElo "2310"]
[BlackElo "2320"]
[PlyCount "123"]
[EventDate "2006.10.21"]
[EventType "team-tourn"]
[EventRounds "11"]
[EventCountry "SVK"]
[SourceTitle "EXT 2019"]
[Source "ChessBase"]
[SourceDate "2018.10.10"]
[SourceVersion "1"]
[SourceVersionDate "2018.10.10"]
[SourceQuality "1"]
[WhiteTeam "Nitra"]
[BlackTeam "Nove Zamky Basta"]
[WhiteTeamCountry "SVK"]
[BlackTeamCountry "SVK"]

1. e4 c6 2. d4 d5 3. exd5 cxd5 4. c3 Nf6 5. Bf4 Nc6 6. h3 Bf5 7. Qb3 Qc8 8. Nf3 e6 9. Nbd2 Be7 10. Be2 h6 11. Bh2 0-0 12. 0-0 a6 13. Ne5 Nxe5 14. Bxe5 Nd7 15. Bh2 Qc6 16. a4 Qb6 17. Qxb6 Nxb6 18. a5 Nd7 19. b4 Rac8 20. Rfc1 Bg5 21. Ra2 Rfd8 22. f4 Be7 23. Nb3 Nb8 24. Kf1 Nc6 25. Bg1 f6 26. Be3 Rc7 27. Nc5 Bxc5 28. dxc5 Be4 29. Rd2 Rcd7 30. Rcd1 Kf7 31. Bh5+ g6 32. Bg4 h5 33. Be2 Kg7 34. Kg1 Kf7 35. Kf1 Kg7 36. Kg1 Rf8 37. Rf1 Re8 38. Rfd1 Rc8 39. Rf1 Ra8 40. Re1 Re8 41. Red1 Red8 42. Bf1 Kf7 43. Kf2 Ra8 44. Be2 Kg7 45. Kf1 Kf7 46. Bf2 Kg7 47. Kg1 Kf7 48. Bf1 Ke7 49. Be2 Kf7 50. Bc4 Ke7 51. Bb3 Rdd8 52. Ba4 Rg8 53. Be3 Rac8 54. Rf1 Rc7 55. Re1 Rd8 56. Red1 Rg8 57. Rf2 Ra8 58. Re2 Rg8 59. Rb2 Ra8 60. Kf1 Kf7 61. Bb3 Ke7 62. Ba4 1/2-1/2

[Event "SVK-chT 0607"]
[Site "Slovakia"]
[Date "2006.11.11"]
[Round "3"]
[White "Zpevak, Pavel"]
[Black "Mokos, Jozef"]
[Result "1-0"]
[WhiteElo "2377"]
[BlackElo "2287"]
[PlyCount "125"]
[EventDate "2006.10.21"]
[EventType "team-tourn"]
[EventRounds "11"]
[EventCountry "SVK"]
[SourceTitle "EXT 2019"]
[Source "ChessBase"]
[SourceDate "2018.10.10"]
[SourceVersion "1"]
[SourceVersionDate "2018.10.10"]
[SourceQuality "1"]
[WhiteTeam "Dubnica nad Vahom"]
[BlackTeam "Nitra"]
[WhiteTeamCountry "SVK"]
[BlackTeamCountry "SVK"]

1. d4 Nf6 2. Nf3 e6 3. c4 b6 4. g3 Ba6 5. b3 b5 6. cxb5 Bxb5 7. Bg2 Bc6 8. 0-0 Qc8 9. Ba3 Bxa3 10. Nxa3 Qb7 11. Nc4 Be4 12. Re1 0-0 13. Ncd2 d5 14. Nxe4 dxe4 15. Nd2 Rd8 16. e3 c5 17. Qc2 cxd4 18. Nxe4 Nd5 19. Ng5 g6 20. exd4 Nc6 21. Qe4 Qe7 22. Nf3 Rac8 23. a3 Qf6 24. Rac1 Nde7 25. Rc4 Na5 26. Rxc8 Rxc8 27. b4 Nc4 28. Qb7 Nxa3 29. Qxa7 Nc2 30. Rc1 Nd5 31. b5 Qd8 32. Qa4 Nxd4 33. Rxc8 Ne2+ 34. Kf1 Qxc8 35. Ne1 Nec3 36. Qb3 Qc5 37. Bxd5 Nxd5 38. Nc2 h5 39. Ne3 Nxe3+ 40. fxe3 Qf5+ 41. Ke2 Qe4 42. b6 Qb7 43. Qb4 e5 44. h4 e4 45. Kf2 Kh7 46. Kg2 Kg8 47. Kf2 Kh7 48. Ke1 Qc6 49. Kd1 Qb7 50. Kc2 Qc6+ 51. Kb2 Qb7 52. Kc3 Qc6+ 53. Kd4 Qb7 54. Ke5 Kg7 55. Qd6 Qa6 56. Kxe4 Kh7 57. Qc7 Qa4+ 58. Kd5 Qb3+ 59. Kd6 Qb4+ 60. Kd7 Qg4+ 61. Ke8 Qe6+ 62. Kf8 Kh6 63. Qf4+ 1-0

[Event "SVK-ch op-A"]
[Site "Banska Stiavnica"]
[Date "2006.07.12"]
[Round "5"]
[White "Giertli, Vladimir"]
[Black "Mokos, Jozef"]
[Result "0-1"]
[WhiteElo "2194"]
[BlackElo "2306"]
[PlyCount "170"]
[EventDate "2006.07.08"]
[EventType "swiss"]
[EventRounds "9"]
[EventCountry "SVK"]
[SourceTitle "CBM 113 Extra"]
[Source "ChessBase"]
[SourceDate "2006.09.14"]
[SourceVersion "1"]
[SourceVersionDate "2006.09.14"]
[SourceQuality "1"]

1. e4 e6 2. d3 d5 3. Nd2 Nf6 4. Ngf3 b6 5. c3 Be7 6. Be2 0-0 7. 0-0 c5 8. Re1 Bb7 9. Qc2 Nc6 10. a3 Rc8 11. Nf1 Qc7 12. Bg5 Rfd8 13. Rad1 h6 14. Bc1 Bf8 15. Ng3 dxe4 16. dxe4 Rxd1 17. Rxd1 Rd8 18. Rxd8 Qxd8 19. Bf4 Bd6 20. Qd2 Bxf4 21. Qxf4 Qb8 22. Qe3 Ne7 23. Nd2 Ng6 24. Bf1 h5 25. h3 Qf4 26. Qd3 Qc7 27. Ne2 h4 28. f3 Kf8 29. Qe3 Nh5 30. Nc4 Ba6 31. b3 Bxc4 32. bxc4 Qe5 33. Qd3 Ke7 34. Qd2 Nhf4 35. Nc1 Qg5 36. Kh1 Nxh3 37. Qxg5+ Nxg5 38. Bd3 Kd6 39. Ne2 Ke5 40. Kg1 Nf4 41. Nc1 h3 42. Bf1 hxg2 43. Bxg2 Nh7 44. Kf2 Ng5 45. Bf1 Nh7 46. Ke3 Nf6 47. Bd3 Ne8 48. Bf1 Nd6 49. a4 Nb7 50. Nb3 g5 51. Nd2 Na5 52. Bd3 Ng2+ 53. Kf2 Nf4 54. Ke3 Ng6 55. Bf1 Nf4 56. Kf2 Nh5 57. Bh3 Kf4 58. Bg4 Nf6 59. Bh3 Nd7 60. Bf1 Ne5 61. Be2 f6 62. Bf1 g4 63. fxg4 Nxg4+ 64. Ke2 Kg3 65. Kd3 Ne5+ 66. Ke3 Ng4+ 67. Kd3 e5 68. Ke2 Nf2 69. Ke3 Nd1+ 70. Kd3 Kf2 71. Bh3 Nb2+ 72. Kc2 Nbxc4 73. Be6 Nxd2 74. Kxd2 Kf3 75. Bd5 Kf4 76. Ke2 f5 77. exf5 Kxf5 78. Ke3 c4 79. Bg8 a6 80. Bh7+ Ke6 81. Bg8+ Kd6 82. Ke2 Kc5 83. Ke3 Nb3 84. Ke4 Nd2+ 85. Kxe5 Nb1 0-1

[Event "SVK-chT1W 0506"]
[Site "Slovakia"]
[Date "2006.??.??"]
[Round "?"]
[White "Gruca, Miroslav"]
[Black "Mokos, Jozef"]
[Result "1-0"]
[WhiteElo "2200"]
[BlackElo "2280"]
[PlyCount "79"]
[EventDate "2005.10.15"]
[EventType "team-tourn"]
[EventRounds "11"]
[EventCountry "SVK"]
[SourceTitle "EXT 2008"]
[Source "ChessBase"]
[SourceDate "2007.11.25"]
[SourceVersion "1"]
[SourceVersionDate "2007.11.25"]
[SourceQuality "1"]

1. e4 e6 2. d4 d5 3. Nc3 Bb4 4. e5 Ne7 5. a3 Bxc3+ 6. bxc3 c5 7. Nf3 Qc7 8. a4 Nbc6 9. Ba3 Qa5 10. Qd2 cxd4 11. cxd4 Qxd2+ 12. Kxd2 Bd7 13. a5 Nf5 14. Bc5 h5 15. Bd3 Nd8 16. g3 Rg8 17. h3 Nh6 18. g4 hxg4 19. hxg4 Nc6 20. Rhg1 0-0-0 21. Bb5 Kb8 22. Bd3 Be8 23. Nh4 f6 24. g5 fxg5 25. Rxg5 Rd7 26. Ke3 Ka8 27. c4 dxc4 28. Bxc4 Bf7 29. a6 Ne7 30. Bxe7 Rxe7 31. Bd3 b6 32. Rc1 Kb8 33. Bh7 Rh8 34. Rxg7 Rc7 35. Rxc7 Kxc7 36. d5 exd5 37. e6 Kd6 38. exf7 Ke7 39. Rg8 Nxf7 40. Ng6+ 1-0

[Event "SVK-chT 0506"]
[Site "Slovakia"]
[Date "2005.12.10"]
[Round "5"]
[White "Mokos, Jozef"]
[Black "Salai, Ladislav"]
[Result "1/2-1/2"]
[WhiteElo "2280"]
[BlackElo "2373"]
[PlyCount "76"]
[EventDate "2005.10.08"]
[EventType "team-tourn"]
[EventRounds "11"]
[EventCountry "SVK"]
[SourceTitle "EXT 2019"]
[Source "ChessBase"]
[SourceDate "2018.10.10"]
[SourceVersion "1"]
[SourceVersionDate "2018.10.10"]
[SourceQuality "1"]
[WhiteTeam "Nitra"]
[BlackTeam "Hlohovec"]
[WhiteTeamCountry "SVK"]
[BlackTeamCountry "SVK"]

1. d4 Nf6 2. c4 g6 3. Nc3 Bg7 4. e4 d6 5. Nf3 0-0 6. Be2 e5 7. Be3 Ng4 8. Bg5 f6 9. Bh4 Nc6 10. d5 Ne7 11. Nd2 Nh6 12. f3 c5 13. 0-0 g5 14. Bf2 f5 15. Rb1 g4 16. fxg4 Nxg4 17. Bxg4 fxg4 18. Be3 Rxf1+ 19. Nxf1 Bd7 20. b4 cxb4 21. Rxb4 b6 22. Qb3 Ng6 23. a4 Nf4 24. Qb1 Rc8 25. Nb5 Bxb5 26. axb5 Ne2+ 27. Kh1 Qf6 28. Ng3 Nxg3+ 29. hxg3 Bh6 30. Qc1 Bxe3 31. Qxe3 Rc7 32. Kg1 Rf7 33. Rb2 Kg7 34. Rf2 Qxf2+ 35. Qxf2 Rxf2 36. Kxf2 Kg6 37. Kg1 Kg5 38. Kh1 h5 1/2-1/2

[Event "SVK-chT 0506"]
[Site "Slovakia"]
[Date "2005.11.12"]
[Round "3"]
[White "Hera, Imre Jr"]
[Black "Mokos, Jozef"]
[Result "1-0"]
[WhiteElo "2380"]
[BlackElo "2280"]
[PlyCount "71"]
[EventDate "2005.10.08"]
[EventType "team-tourn"]
[EventRounds "11"]
[EventCountry "SVK"]
[SourceTitle "EXT 2019"]
[Source "ChessBase"]
[SourceDate "2018.10.10"]
[SourceVersion "1"]
[SourceVersionDate "2018.10.10"]
[SourceQuality "1"]
[WhiteTeam "Komarno"]
[BlackTeam "Nitra"]
[WhiteTeamCountry "SVK"]
[BlackTeamCountry "SVK"]

1. Nf3 Nf6 2. g3 b6 3. Bg2 Bb7 4. 0-0 c5 5. c4 e6 6. Nc3 Be7 7. Re1 d5 8. cxd5 Nxd5 9. Qa4+ Bc6 10. Qg4 h5 11. Qc4 Nd7 12. d4 b5 13. Qb3 c4 14. Qc2 h4 15. a3 hxg3 16. hxg3 Nxc3 17. bxc3 f5 18. e4 Bxe4 19. Rxe4 fxe4 20. Qxe4 Kf7 21. Bf4 Qb6 22. Re1 Rae8 23. d5 Bf6 24. dxe6+ Rxe6 25. Qd5 Qc6 26. Qf5 Ke7 27. Ne5 Nxe5 28. Bxc6 Nf3+ 29. Bxf3 Rxe1+ 30. Kg2 Rhh1 31. Qc5+ Kf7 32. Qd5+ Ke7 33. Bd6+ Ke8 34. Bh5+ Kd7 35. Bg4+ Ke8 36. Qg8# 1-0

[Event "SVK-chT1W 0405"]
[Site "Slovakia"]
[Date "2005.??.??"]
[Round "8"]
[White "Kaniansky, Miroslav"]
[Black "Mokos, Jozef"]
[Result "0-1"]
[WhiteElo "2193"]
[BlackElo "2326"]
[PlyCount "64"]
[EventDate "2004.10.??"]
[EventType "team"]
[EventRounds "11"]
[EventCountry "SVK"]
[SourceTitle "EXT 2006"]
[Source "ChessBase"]
[SourceDate "2005.11.24"]
[SourceVersion "1"]
[SourceVersionDate "2005.11.24"]
[SourceQuality "1"]

1. d4 Nf6 2. Nf3 e6 3. c4 b6 4. g3 Ba6 5. Qa4 Bb7 6. Bg2 c5 7. 0-0 cxd4 8. Nxd4 Bxg2 9. Kxg2 Bc5 10. Nc2 0-0 11. Nc3 Qc8 12. e4 Nc6 13. Bg5 Be7 14. Ne3 h6 15. Bxf6 Bxf6 16. Rac1 Qb7 17. Qd1 Bd4 18. Qd3 f5 19. exf5 Bxc3 20. Qxc3 Nb4+ 21. f3 Nxa2 22. Qd4 Nxc1 23. Rxc1 exf5 24. Nd5 Rae8 25. Kf2 Rf7 26. b4 Qc6 27. Ra1 d6 28. Qd3 Re5 29. Qd4 b5 30. Ne3 bxc4 31. Nxc4 Rd5 32. Na5 Qc2+ 0-1

[Event "SVK-chT 0405"]
[Site "Slovakia"]
[Date "2004.11.14"]
[Round "2"]
[White "Mokos, Jozef"]
[Black "Manik, Mikulas"]
[Result "0-1"]
[WhiteElo "2326"]
[BlackElo "2510"]
[PlyCount "52"]
[EventDate "2004.11.13"]
[EventType "team-tourn"]
[EventRounds "11"]
[EventCountry "SVK"]
[SourceTitle "EXT 2019"]
[Source "ChessBase"]
[SourceDate "2018.10.10"]
[SourceVersion "1"]
[SourceVersionDate "2018.10.10"]
[SourceQuality "1"]
[WhiteTeam "Nitra"]
[BlackTeam "Komarno"]
[WhiteTeamCountry "SVK"]
[BlackTeamCountry "SVK"]

1. d4 Nf6 2. c4 g6 3. Nc3 Bg7 4. e4 d6 5. Nf3 0-0 6. Be2 Na6 7. 0-0 e5 8. Be3 Qe8 9. dxe5 dxe5 10. Nd2 h5 11. h3 c6 12. c5 Qe7 13. Bxa6 bxa6 14. Nc4 Ne8 15. Nd6 Be6 16. Nxe8 Raxe8 17. Qe2 f5 18. exf5 gxf5 19. f4 exf4 20. Bxf4 Qxc5+ 21. Be3 Qc4 22. Qf2 f4 23. Bxa7 Rf7 24. Rad1 f3 25. Qc5 Bxc3 26. bxc3 Qe2 0-1

[Event "SVK-ch"]
[Site "Bratislava"]
[Date "2004.06.??"]
[Round "7"]
[White "Mokos, Jozef"]
[Black "Hausner, Ivan"]
[Result "1/2-1/2"]
[WhiteElo "2289"]
[BlackElo "2408"]
[PlyCount "51"]
[EventDate "2004.06.??"]
[EventType "swiss"]
[EventRounds "9"]
[EventCountry "SVK"]
[SourceTitle "EXT 2006"]
[Source "ChessBase"]
[SourceDate "2005.11.24"]
[SourceVersion "1"]
[SourceVersionDate "2005.11.24"]
[SourceQuality "1"]

1. Nf3 Nf6 2. c4 g6 3. Nc3 Bg7 4. e4 c5 5. d4 cxd4 6. Nxd4 d6 7. Be2 Nc6 8. Be3 0-0 9. 0-0 Nxd4 10. Bxd4 Be6 11. Qd2 Qa5 12. Rfd1 Rfc8 13. b3 Nd7 14. Nd5 Qd8 15. Bxg7 Kxg7 16. Nf4 Nf6 17. Nxe6+ fxe6 18. e5 dxe5 19. Qe3 Qa5 20. Bf3 Rab8 21. Re1 Rc5 22. a3 Qc7 23. b4 Rxc4 24. Qxe5 Qxe5 25. Rxe5 Kf7 26. Rae1 1/2-1/2